[Event "Sachsen-ch U14 Girls"]
[Site "Sebnitz"]
[Date "2009.04.17"]
[Round "6"]
[White "Hauffen, Franziska"]
[Black "Fischer, Franziska"]
[Result "0-1"]
[WhiteElo "1345"]
[BlackElo "1313"]
[PlyCount "82"]
[EventDate "2009.04.14"]
[EventType "swiss"]
[EventRounds "7"]
[EventCountry "GER"]
[SourceTitle "EXT 2010"]
[Source "ChessBase"]
[SourceDate "2010.11.25"]
[SourceVersion "1"]
[SourceVersionDate "2010.11.25"]
[SourceQuality "1"]

1. e4 c6 2. d4 d5 3. Nc3 dxe4 4. Nxe4 Bf5 5. Ng3 Bg6 6. Nf3 Nf6 7. Bc4 e6 8. 0-0 Nbd7 9. Bg5 Be7 10. Re1 0-0 11. Nh4 b5 12. Nxg6 hxg6 13. Bb3 Nh7 14. Bf4 Ndf6 15. Qd3 Qc8 16. Rad1 Rd8 17. Qf3 g5 18. Be5 Bd6 19. c3 Rb8 20. Rc1 Qc7 21. Bc2 Qe7 22. Ne4 Nxe4 23. Bxe4 Bxe5 24. dxe5 c5 25. Red1 f6 26. Qh5 f5 27. Bb1 Qf7 28. Qe2 Nf8 29. Rxd8 Rxd8 30. Qxb5 Qc7 31. Qe2 Rd5 32. Re1 Ng6 33. Bc2 Rxe5 34. Qd2 Rd5 35. Qxg5 Nf8 36. Qh4 Rd2 37. Qa4 c4 38. Rd1 Re2 39. g3 Qb6 40. b4 Qxf2+ 41. Kh1 Qxh2# 0-1

[Event "Sachsen-ch U14 Girls"]
[Site "Sebnitz"]
[Date "2009.04.14"]
[Round "1"]
[White "Hauffen, Franziska"]
[Black "Michel, Elisabeth"]
[Result "1-0"]
[WhiteElo "1345"]
[BlackElo "1076"]
[PlyCount "67"]
[EventDate "2009.04.14"]
[EventType "swiss"]
[EventRounds "7"]
[EventCountry "GER"]
[SourceTitle "EXT 2010"]
[Source "ChessBase"]
[SourceDate "2010.11.25"]
[SourceVersion "1"]
[SourceVersionDate "2010.11.25"]
[SourceQuality "1"]

1. e4 c5 2. Nf3 d6 3. d4 cxd4 4. Nxd4 Nf6 5. Nc3 g6 6. Be3 Bg7 7. f3 0-0 8. Bc4 Nc6 9. Qd2 Bd7 10. 0-0-0 Rc8 11. Bb3 Ne5 12. Kb1 Nc4 13. Bxc4 Rxc4 14. g4 Bxg4 15. Qd3 Qc8 16. fxg4 Nxg4 17. Bg1 a5 18. h3 Ne5 19. Qd2 a4 20. a3 Nc6 21. Ndb5 Ne5 22. Be3 Nf3 23. Qe2 Ne5 24. Qd2 Nf3 25. Qf2 Ne5 26. Qh4 Bf6 27. Qg3 Qc6 28. Bg5 Rc8 29. Bxf6 exf6 30. Nxd6 Qb6 31. Nxc8 Rxc8 32. Nd5 Qa5 33. Rh2 Rd8 34. Nxf6+ 1-0

[Event "GER-chT U14 Girls"]
[Site "Dittrichshuette"]
[Date "2008.12.27"]
[Round "2.3"]
[White "Bachem, Lisa"]
[Black "Hauffen, Franziska"]
[Result "1-0"]
[WhiteElo "1155"]
[BlackElo "1170"]
[PlyCount "120"]
[EventDate "2008.12.27"]
[EventType "team-swiss"]
[EventRounds "7"]
[EventCountry "GER"]
[SourceTitle "EXT 2010"]
[Source "ChessBase"]
[SourceDate "2010.11.25"]
[SourceVersion "1"]
[SourceVersionDate "2010.11.25"]
[SourceQuality "1"]
[WhiteTeam "Fritzdorf"]
[BlackTeam "Chemnitz Aufbau"]
[WhiteTeamCountry "GER"]
[BlackTeamCountry "GER"]

1. e4 c5 2. Nf3 d6 3. d4 cxd4 4. Nxd4 Nf6 5. Nc3 a6 6. Bc4 e6 7. 0-0 Be7 8. Bd2 0-0 9. Qf3 Qc7 10. Be2 b5 11. Qg3 Kh8 12. a3 Bb7 13. Bd3 Nbd7 14. Bg5 Rae8 15. Qh3 Ne5 16. Rfe1 Nxd3 17. Qxd3 Qc5 18. Be3 Qc7 19. h3 Ba8 20. Rad1 Qb7 21. f3 Rd8 22. Qd2 Nd7 23. Bg5 Bxg5 24. Qxg5 Qa7 25. Kh1 Rfe8 26. Qg3 Qc7 27. Nce2 Ne5 28. b3 Qb7 29. Nf4 Qe7 30. Rd2 Nd7 31. Nfe2 Qf6 32. h4 Nb6 33. Qg5 Qxg5 34. hxg5 d5 35. e5 Nd7 36. f4 Nc5 37. Nc3 Ne4 38. Nxe4 dxe4 39. Re3 Rd7 40. Kg1 Red8 41. c3 a5 42. b4 axb4 43. axb4 Rc7 44. Nxb5 Rxd2 45. Nxc7 Bb7 46. c4 Rb2 47. b5 Rc2 48. Ne8 Ba8 49. Nd6 Ra2 50. Nxf7+ Kg8 51. Nd6 Ra7 52. Nxe4 Bxe4 53. Rxe4 Rb7 54. Kf2 Kf7 55. Rd4 Ke7 56. Ke3 g6 57. Kd3 Rb8 58. Kc3 Ke8 59. Kb4 Ra8 60. b6 Rb8 1-0

[Event "GER-chT U14 Girls"]
[Site "Dittrichshuette"]
[Date "2008.12.27"]
[Round "1.3"]
[White "Hauffen, Franziska"]
[Black "Dietzel, Thurid"]
[Result "0-1"]
[WhiteElo "1170"]
[BlackElo "1056"]
[PlyCount "66"]
[EventDate "2008.12.27"]
[EventType "team-swiss"]
[EventRounds "7"]
[EventCountry "GER"]
[SourceTitle "EXT 2010"]
[Source "ChessBase"]
[SourceDate "2010.11.25"]
[SourceVersion "1"]
[SourceVersionDate "2010.11.25"]
[SourceQuality "1"]
[WhiteTeam "Chemnitz Aufbau"]
[BlackTeam "Jena Schott"]
[WhiteTeamCountry "GER"]
[BlackTeamCountry "GER"]

1. e4 e5 2. Nf3 Nc6 3. Bc4 Bc5 4. c3 Nf6 5. d4 exd4 6. cxd4 Bb6 7. Nc3 0-0 8. 0-0 d6 9. Bg5 h6 10. Bf4 Nh5 11. Be3 Qf6 12. Be2 Nf4 13. Bxf4 Qxf4 14. Qd3 Re8 15. h3 Re6 16. d5 Rg6 17. Kh1 Ne5 18. Nxe5 dxe5 19. Bf3 Qh4 20. Kh2 Bxf2 21. Ne2 Bg3+ 22. Nxg3 Qxg3+ 23. Kh1 Bxh3 24. Rg1 Qh4 25. Rgd1 Bxg2+ 26. Kg1 Qg3 27. Qe3 Bxf3+ 28. Kf1 Qg2+ 29. Ke1 Bxd1 30. Rxd1 Rg3 31. Qc5 Rh3 32. Rd2 Rh1+ 33. Qg1 Rxg1# 0-1

[Event "GER-ch U12"]
[Site "Willingen"]
[Date "2008.05.14"]
[Round "7"]
[White "Hauffen, Franziska"]
[Black "Bohm, Stephanie"]
[Result "1-0"]
[WhiteElo "1143"]
[BlackElo "888"]
[PlyCount "99"]
[EventDate "2008.05.11"]
[EventType "swiss"]
[EventRounds "11"]
[EventCountry "GER"]
[SourceTitle "CBM 124 Extra"]
[Source "ChessBase"]
[SourceDate "2008.07.03"]
[SourceVersion "1"]
[SourceVersionDate "2008.07.03"]
[SourceQuality "1"]

1. e4 c5 2. Nf3 Nc6 3. d4 cxd4 4. Nxd4 g6 5. Nc3 Bg7 6. Be3 Nf6 7. f3 0-0 8. Bc4 a6 9. Qd2 Nxd4 10. Bxd4 e6 11. 0-0-0 b5 12. Bb3 b4 13. Na4 Rb8 14. g4 a5 15. h4 Bb7 16. Bb6 Qe7 17. Bc5 Qe8 18. Bxf8 Bxf8 19. h5 Bg7 20. hxg6 fxg6 21. g5 Nh5 22. Qxd7 Qxd7 23. Rxd7 Ng3 24. Bxe6+ Kh8 25. Rhd1 Ne2+ 26. Kb1 h6 27. Rd8+ Rxd8 28. Rxd8+ Kh7 29. Bg8+ Kh8 30. Bd5+ Kh7 31. Bxb7 hxg5 32. Rd7 Kh6 33. Rd5 Ng1 34. Rd3 Nh3 35. Rd1 Nf4 36. Re1 Ng2 37. Rh1+ Nh4 38. Nb6 Bd4 39. Nc4 a4 40. e5 Bc5 41. f4 a3 42. bxa3 bxa3 43. fxg5+ Kxg5 44. Re1 Nf5 45. e6 Kf6 46. Bc8 g5 47. c3 g4 48. Nd2 g3 49. Ne4+ Ke7 50. Nxc5 1-0

[Event "GER-chT U14 Girls"]
[Site "Stuttgart"]
[Date "2007.12.28"]
[Round "3.2"]
[White "Hauffen, Franziska"]
[Black "Thewes, Anna Christina"]
[Result "1/2-1/2"]
[WhiteElo "1172"]
[BlackElo "1213"]
[PlyCount "50"]
[EventDate "2007.12.27"]
[EventType "team-swiss"]
[EventRounds "7"]
[EventCountry "GER"]
[SourceTitle "EXT 2009"]
[Source "ChessBase"]
[SourceDate "2008.11.26"]
[SourceVersion "1"]
[SourceVersionDate "2008.11.26"]
[SourceQuality "1"]
[WhiteTeam "Chemnitz Aufbau U14 Girls"]
[BlackTeam "Heusweiler SC Reti U14 Girls"]
[WhiteTeamCountry "GER"]
[BlackTeamCountry "GER"]

1. e4 e5 2. Nf3 Nc6 3. Bc4 Nf6 4. Ng5 d5 5. exd5 Na5 6. Bb5+ c6 7. dxc6 bxc6 8. Be2 h6 9. Nf3 e4 10. Ne5 Bd6 11. f4 0-0 12. 0-0 Qc7 13. d4 Be6 14. Be3 Rfd8 15. Na3 Nb7 16. Nac4 Rab8 17. Nxd6 Nxd6 18. Bc1 Nf5 19. c3 c5 20. Qa4 cxd4 21. cxd4 Nxd4 22. Bd1 Nb5 23. Qc2 Rbc8 24. Qxc7 Rxc7 25. Be3 a6 1/2-1/2

[Event "GER-chT U14 Girls"]
[Site "Stuttgart"]
[Date "2007.12.27"]
[Round "2.3"]
[White "Hauffen, Franziska"]
[Black "Greilich, Sophie"]
[Result "0-1"]
[WhiteElo "1172"]
[BlackElo "853"]
[PlyCount "68"]
[EventDate "2007.12.27"]
[EventType "team-swiss"]
[EventRounds "7"]
[EventCountry "GER"]
[SourceTitle "EXT 2009"]
[Source "ChessBase"]
[SourceDate "2008.11.26"]
[SourceVersion "1"]
[SourceVersionDate "2008.11.26"]
[SourceQuality "1"]
[WhiteTeam "Chemnitz Aufbau U14 Girls"]
[BlackTeam "Rossdorf SC Ladja U14 Girls"]
[WhiteTeamCountry "GER"]
[BlackTeamCountry "GER"]

1. e4 e5 2. Nf3 Nc6 3. Bc4 Bc5 4. c3 Nf6 5. d4 exd4 6. cxd4 Bb4+ 7. Bd2 Nxe4 8. Bxb4 Nxb4 9. Bxf7+ Kxf7 10. Qb3+ d5 11. Qxb4 Rf8 12. 0-0 Kg8 13. Qe1 Qf6 14. Nc3 Qg6 15. Qe3 Bh3 16. Nh4 Qg4 17. Qxh3 Qf4 18. Nf3 c6 19. Rad1 Rae8 20. Qh4 Qf5 21. Qh3 Qf4 22. Nxe4 Qxe4 23. Ne5 b6 24. Rfe1 Qc2 25. Nd3 c5 26. dxc5 bxc5 27. Rc1 Qd2 28. Red1 Qe2 29. b3 c4 30. bxc4 dxc4 31. Re1 Qxa2 32. Nf4 Qd2 33. Qa3 Qxe1+ 34. Rxe1 Rxe1# 0-1

[Event "GER-ch U12"]
[Site "Willingen"]
[Date "2007.05.30"]
[Round "8"]
[White "Eimer, Christina"]
[Black "Hauffen, Franziska"]
[Result "0-1"]
[WhiteElo "928"]
[BlackElo "1211"]
[PlyCount "94"]
[EventDate "2007.05.26"]
[EventType "swiss"]
[EventRounds "11"]
[EventCountry "GER"]
[SourceTitle "CBM 118 Extra"]
[Source "ChessBase"]
[SourceDate "2007.07.04"]
[SourceVersion "1"]
[SourceVersionDate "2007.07.04"]
[SourceQuality "1"]

1. e4 c5 2. Nf3 d6 3. d4 cxd4 4. Nxd4 Nf6 5. Nc3 a6 6. f3 e5 7. Nb3 Be6 8. Be3 Be7 9. Qd2 0-0 10. g4 b5 11. g5 b4 12. gxf6 bxc3 13. Qxc3 Bxf6 14. 0-0-0 Qe7 15. Be2 Rd8 16. Rdg1 Rc8 17. Qd2 Nd7 18. Bh6 Nf8 19. h4 Kh8 20. Bg5 Bxg5 21. hxg5 g6 22. Bd3 Kg8 23. Qh2 a5 24. Nd2 Bxa2 25. f4 exf4 26. Qxf4 Qe5 27. Qg4 Be6 28. Qg2 Qd4 29. Qf3 Rab8 30. c3 Qb4 31. Kd1 Qxb2 32. Ke2 Rxc3 33. Rb1 Qa3 34. Rxb8 Qc5 35. Qg3 Qc7 36. Rbb1 Qd7 37. Qh2 Bg4+ 38. Nf3 Bxf3+ 39. Kxf3 Rxd3+ 40. Ke2 Rc3 41. Kf1 Qg4 42. Qh6 Rf3+ 43. Ke1 Qxe4+ 44. Kd2 Rd3+ 45. Kc1 Qc4+ 46. Kb2 Rb3+ 47. Ka2 Qa4# 0-1

[Event "GER-ch U12"]
[Site "Willingen"]
[Date "2007.05.29"]
[Round "6"]
[White "Hauffen, Franziska"]
[Black "Schmalhorst, Sophia"]
[Result "0-1"]
[WhiteElo "1211"]
[BlackElo "1109"]
[PlyCount "108"]
[EventDate "2007.05.26"]
[EventType "swiss"]
[EventRounds "11"]
[EventCountry "GER"]
[SourceTitle "CBM 118 Extra"]
[Source "ChessBase"]
[SourceDate "2007.07.04"]
[SourceVersion "1"]
[SourceVersionDate "2007.07.04"]
[SourceQuality "1"]

1. e4 e5 2. Nf3 Nc6 3. Bc4 Bc5 4. c3 Nf6 5. d4 exd4 6. cxd4 Bb4+ 7. Bd2 Bxd2+ 8. Nbxd2 d5 9. exd5 Nxd5 10. 0-0 0-0 11. Re1 Nce7 12. Nb3 c6 13. Qe2 h6 14. Rac1 Bf5 15. Qe5 Bh7 16. Na5 Rb8 17. Nb3 Re8 18. Qe2 Nf5 19. Qd2 Nfe7 20. Re2 Kf8 21. Rce1 Qc7 22. Nc5 Bf5 23. h3 Rbd8 24. Ne5 Ng6 25. Nxg6+ Bxg6 26. Rxe8+ Rxe8 27. Rxe8+ Kxe8 28. Qe2+ Kf8 29. Qf3 Nf6 30. a3 b6 31. Nb3 Qd7 32. Qg3 Ne8 33. Qf4 Qd6 34. Qxd6+ Nxd6 35. Ba6 Ke7 36. Kf1 Ke6 37. Ke2 Kd5 38. Ke3 Nf5+ 39. Ke2 Nxd4+ 40. Nxd4 Kxd4 41. g4 f5 42. f3 fxg4 43. hxg4 c5 44. Kd2 Be8 45. Be2 b5 46. Bd3 a5 47. Be2 b4 48. axb4 cxb4 49. b3 a4 50. bxa4 Bxa4 51. Bd3 b3 52. Bb1 b2 53. Bd3 Bd1 54. Be4 Bxf3 0-1

[Event "GER-ch U12"]
[Site "Willingen"]
[Date "2007.05.28"]
[Round "4"]
[White "Hauffen, Franziska"]
[Black "Saak, Samira"]
[Result "1-0"]
[WhiteElo "1211"]
[BlackElo "1011"]
[PlyCount "41"]
[EventDate "2007.05.26"]
[EventType "swiss"]
[EventRounds "11"]
[EventCountry "GER"]
[SourceTitle "CBM 118 Extra"]
[Source "ChessBase"]
[SourceDate "2007.07.04"]
[SourceVersion "1"]
[SourceVersionDate "2007.07.04"]
[SourceQuality "1"]

1. e4 e6 2. d4 d5 3. Nc3 Bd7 4. Bd3 Bb4 5. Nf3 c5 6. exd5 exd5 7. dxc5 Nf6 8. Bg5 0-0 9. 0-0 Be6 10. Nb5 Bxc5 11. Bxf6 gxf6 12. Qd2 Nc6 13. Qh6 f5 14. Ng5 Re8 15. Qxh7+ Kf8 16. Bxf5 Ke7 17. Bxe6 Rf8 18. Rfe1 Ke8 19. Bxf7+ Kd7 20. Be6+ Ke8 21. Bd7# 1-0

[Event "Sachsen-ch U12 Girls"]
[Site "Sebnitz"]
[Date "2007.04.12"]
[Round "4"]
[White "Kaden, Romy"]
[Black "Hauffen, Franziska"]
[Result "1-0"]
[WhiteElo "1109"]
[BlackElo "1320"]
[PlyCount "51"]
[EventDate "2007.04.10"]
[EventType "swiss"]
[EventRounds "7"]
[EventCountry "GER"]
[SourceTitle "EXT 2008"]
[Source "ChessBase"]
[SourceDate "2007.11.25"]
[SourceVersion "1"]
[SourceVersionDate "2007.11.25"]
[SourceQuality "1"]

1. e4 c5 2. c3 d6 3. d4 cxd4 4. cxd4 Nf6 5. Nc3 a6 6. Nf3 e6 7. Bd3 Nbd7 8. 0-0 Be7 9. Bd2 b5 10. e5 dxe5 11. dxe5 Nd5 12. Be4 Bb7 13. Qe1 Rb8 14. Rd1 Qc7 15. Nxd5 exd5 16. Rc1 Qb6 17. Bf5 Nf8 18. Be3 Qd8 19. Nd4 f6 20. Nc6 Bxc6 21. Rxc6 fxe5 22. Bb6 Bb4 23. Qxe5+ Qe7 24. Qxb8+ Kf7 25. Rc7 Nd7 26. Qxh8 1-0

[Event "Sachsen-ch U12 Girls"]
[Site "Sebnitz"]
[Date "2007.04.11"]
[Round "2"]
[White "Loeser, Cynthia"]
[Black "Hauffen, Franziska"]
[Result "0-1"]
[WhiteElo "973"]
[BlackElo "1320"]
[PlyCount "126"]
[EventDate "2007.04.10"]
[EventType "swiss"]
[EventRounds "7"]
[EventCountry "GER"]
[SourceTitle "EXT 2008"]
[Source "ChessBase"]
[SourceDate "2007.11.25"]
[SourceVersion "1"]
[SourceVersionDate "2007.11.25"]
[SourceQuality "1"]

1. d4 Nf6 2. Nf3 g6 3. e3 Bg7 4. g3 d6 5. Bg2 Nc6 6. 0-0 0-0 7. b3 e5 8. dxe5 dxe5 9. Qxd8 Rxd8 10. Bb2 Re8 11. Nbd2 Bf5 12. c4 Rad8 13. Rad1 Bc2 14. Rc1 Bd3 15. Rfe1 Bf5 16. e4 Bg4 17. c5 Nh5 18. Nc4 Bxf3 19. Bxf3 Nb4 20. Ra1 Nc2 21. Bg2 Nxa1 22. Rxa1 b6 23. cxb6 axb6 24. a4 Rd3 25. Ra3 Rd1+ 26. Bf1 Re1 27. Nd2 Rd8 28. Bc3 Rc1 29. Bb4 c5 30. Bxc5 Rxc5 31. Nc4 b5 32. axb5 Rxb5 33. Kg2 Nf6 34. Kf3 Rdb8 35. Nd2 R5b7 36. Bc4 Bh6 37. Ke2 Bxd2 38. Kxd2 Nxe4+ 39. Ke3 Nd6 40. Kd2 Kf8 41. f3 f5 42. h4 Ke7 43. Bd5 Rb5 44. Bc4 Nxc4+ 45. bxc4 Rb3 46. Rxb3 Rxb3 47. Kc2 Rxf3 48. Kd2 Rxg3 49. Ke2 Kd6 50. Kf2 Ra3 51. Ke2 Kc5 52. Kf2 Kxc4 53. Kg2 h6 54. Kf2 g5 55. hxg5 hxg5 56. Kg2 g4 57. Kf2 f4 58. Ke2 Ra2+ 59. Kf1 e4 60. Kg1 f3 61. Kf1 e3 62. Kg1 g3 63. Kf1 Ra1# 0-1

[Event "GER-ch U10"]
[Site "Willingen"]
[Date "2006.06.09"]
[Round "11"]
[White "Schnorr, Christian"]
[Black "Hauffen, Franziska"]
[Result "1-0"]
[WhiteElo "1372"]
[BlackElo "1084"]
[PlyCount "156"]
[EventDate "2006.06.04"]
[EventType "swiss"]
[EventRounds "11"]
[EventCountry "GER"]
[SourceTitle "EXT 2007"]
[Source "ChessBase"]
[SourceDate "2006.11.23"]
[SourceVersion "1"]
[SourceVersionDate "2006.11.23"]
[SourceQuality "1"]

1. d4 Nf6 2. Nf3 g6 3. e3 Bg7 4. c4 d6 5. Be2 0-0 6. 0-0 Nbd7 7. b4 e5 8. dxe5 dxe5 9. Qb3 Ne8 10. Bb2 f5 11. Rd1 Qe7 12. Na3 f4 13. Nc2 e4 14. Nfe1 Qg5 15. c5+ Kh8 16. Bxg7+ Nxg7 17. exf4 Qxf4 18. Qe3 Qxe3 19. Nxe3 Ne5 20. f3 exf3 21. Nxf3 Nxf3+ 22. Bxf3 Rb8 23. Rd2 Be6 24. Rad1 c6 25. a3 Rfe8 26. Nf1 Nf5 27. Rd3 Nh4 28. h3 Nxf3+ 29. Rxf3 Bd5 30. Rfd3 Re2 31. R3d2 Rxd2 32. Rxd2 Re8 33. Kf2 Kg7 34. Ne3 Rf8+ 35. Ke2 Re8 36. Kd3 Be4+ 37. Kc4 Re7 38. g3 h5 39. h4 Kf6 40. Kc3 Bf3 41. Nc4 Bd5 42. Nd6 Re3+ 43. Rd3 Re7 44. Kd4 Rd7 45. Re3 Be6 46. Rf3+ Ke7 47. Ke5 Ba2 48. Rf6 Bb3 49. Rxg6 Kd8 50. Rg5 Re7+ 51. Kf4 Rh7 52. Rf5 Ke7 53. Nxb7 Bc2 54. Re5+ Kf6 55. Nd6 Rd7 56. Rxh5 Kg6 57. Rg5+ Kh6 58. h5 Bb1 59. g4 Bc2 60. Nf5+ Kh7 61. Rg6 Rf7 62. Kg5 Rd7 63. Rxc6 Ba4 64. Rg6 Bc2 65. Rg7+ Rxg7+ 66. Nxg7 Kxg7 67. c6 Ba4 68. c7 Bd7 69. a4 a6 70. b5 axb5 71. axb5 Bc8 72. b6 Bb7 73. h6+ Kh7 74. Kh5 Bc8 75. g5 Bb7 76. g6+ Kg8 77. Kg5 Bc8 78. Kf6 Kf8 1-0

[Event "Sachsen-ch U10 Girls"]
[Site "Sebnitz"]
[Date "2006.04.21"]
[Round "6"]
[White "Hauffen, Franziska"]
[Black "Nitzsche, Pia"]
[Result "1-0"]
[WhiteElo "1060"]
[BlackElo "928"]
[PlyCount "117"]
[EventDate "2006.04.18"]
[EventType "swiss"]
[EventRounds "7"]
[EventCountry "GER"]
[SourceTitle "EXT 2007"]
[Source "ChessBase"]
[SourceDate "2006.11.23"]
[SourceVersion "1"]
[SourceVersionDate "2006.11.23"]
[SourceQuality "1"]

1. e4 c5 2. Nf3 d6 3. d4 cxd4 4. Nxd4 Nf6 5. Nc3 g6 6. Be3 Bg7 7. f3 0-0 8. Qd2 Nc6 9. 0-0-0 Qc7 10. g4 Ne5 11. Qe2 Nc6 12. h4 Nxd4 13. Bxd4 Nd7 14. Bxg7 Kxg7 15. h5 Nc5 16. hxg6 fxg6 17. Qh2 Rh8 18. Qh6+ Kg8 19. Nd5 Qd8 20. g5 Be6 21. Bc4 Qf8 22. Qh2 Rc8 23. f4 Qg7 24. e5 Na4 25. Bb3 Nc5 26. Bc4 Ne4 27. Rd4 Nc5 28. Rdd1 Nd7 29. Bb3 dxe5 30. fxe5 Qxe5 31. Nxe7+ Kg7 32. Qxe5+ Nxe5 33. Nxc8 Bxc8 34. Rhe1 Re8 35. Rd5 Nd3+ 36. Rxd3 Rxe1+ 37. Kd2 Re5 38. Rg3 b5 39. Rc3 Bg4 40. Rc7+ Kf8 41. Rf7+ Ke8 42. Rxh7 Rxg5 43. Bf7+ Kd8 44. Bb3 a6 45. Ra7 Bc8 46. a4 b4 47. c3 bxc3+ 48. bxc3 Rg2+ 49. Kd3 g5 50. Rg7 g4 51. Kd4 Rb2 52. Bd5 Rd2+ 53. Kc5 Rf2 54. Kd6 Rf6+ 55. Ke5 Rb6 56. a5 Rb5 57. c4 Rxa5 58. Kd6 Ra3 59. Rg8# 1-0

[Event "Sachsen-ch U10 Girls"]
[Site "Sebnitz"]
[Date "2006.04.20"]
[Round "4"]
[White "Kuckling, Hannah"]
[Black "Hauffen, Franziska"]
[Result "0-1"]
[WhiteElo "882"]
[BlackElo "1060"]
[PlyCount "114"]
[EventDate "2006.04.18"]
[EventType "swiss"]
[EventRounds "7"]
[EventCountry "GER"]
[SourceTitle "EXT 2007"]
[Source "ChessBase"]
[SourceDate "2006.11.23"]
[SourceVersion "1"]
[SourceVersionDate "2006.11.23"]
[SourceQuality "1"]

1. e4 c5 2. d4 cxd4 3. c3 dxc3 4. Nxc3 Nc6 5. Nf3 d6 6. Bc4 Nf6 7. e5 dxe5 8. Qxd8+ Nxd8 9. Nxe5 g6 10. Bxf7+ Nxf7 11. Nxf7 Kxf7 12. 0-0 Bg7 13. Bf4 Re8 14. Nb5 Rd8 15. Nc7 Rb8 16. Nb5 Ra8 17. Nc7 Rb8 18. Rad1 Rxd1 19. Rxd1 Bf5 20. Be3 a6 21. Bf4 Rc8 22. Nd5 Rd8 23. Nc3 Rxd1+ 24. Nxd1 Nd5 25. Bd2 Bc2 26. Ne3 Nxe3 27. Bxe3 Bxb2 28. Bb6 Bb1 29. a4 Bc2 30. a5 Ke6 31. Kf1 Kd6 32. Ke2 Kc6 33. Kd2 Bf5 34. h3 e5 35. g4 Bb1 36. Ke3 Bc1+ 37. Ke2 Bc2 38. Be3 Bxe3 39. Kxe3 Kb5 40. Kf3 Kxa5 41. Kg3 b5 42. Kf3 Kb4 43. Ke2 Kc3 44. Kf3 b4 45. Kg3 b3 46. Kh4 b2 47. Kg5 b1Q 48. Kf6 Qb6+ 49. Kxe5 Qxf2 50. Kd5 Qd4+ 51. Kc6 Ba4+ 52. Kb7 Qc5 53. Kxa6 Kc4 54. g5 Qb5+ 55. Ka7 Kc5 56. h4 Kc6 57. h5 Qb7# 0-1

[Event "Sachsen-ch U10 Girls"]
[Site "Sebnitz"]
[Date "2006.04.19"]
[Round "3"]
[White "Hauffen, Franziska"]
[Black "Hartewig, Anja"]
[Result "1/2-1/2"]
[WhiteElo "1060"]
[BlackElo "794"]
[PlyCount "62"]
[EventDate "2006.04.18"]
[EventType "swiss"]
[EventRounds "7"]
[EventCountry "GER"]
[SourceTitle "EXT 2007"]
[Source "ChessBase"]
[SourceDate "2006.11.23"]
[SourceVersion "1"]
[SourceVersionDate "2006.11.23"]
[SourceQuality "1"]

1. e4 c5 2. Nf3 d6 3. d4 cxd4 4. Nxd4 Nf6 5. Nc3 g6 6. Be3 Bg7 7. f3 0-0 8. Qd2 Nc6 9. 0-0-0 d5 10. exd5 Nxd5 11. Nxd5 Qxd5 12. Kb1 Be6 13. Nxe6 Qxe6 14. g4 Rad8 15. Qe2 Rxd1+ 16. Qxd1 a5 17. Qd2 b5 18. Bxb5 Nb4 19. b3 Qe5 20. Bd4 Qxb5 21. Bxg7 Kxg7 22. h4 a4 23. h5 axb3 24. cxb3 Qa5 25. hxg6 fxg6 26. Qh6+ Kf7 27. Qf4+ Ke8 28. Qb8+ Kf7 29. Qf4+ Ke8 30. Qb8+ Kf7 31. Qf4+ Ke8 1/2-1/2

[Event "GER-ch U10"]
[Site "Willingen"]
[Date "2005.05.19"]
[Round "9"]
[White "Hauffen, Franziska"]
[Black "Moehn, Hans"]
[Result "0-1"]
[WhiteElo "1014"]
[BlackElo "1161"]
[PlyCount "94"]
[EventDate "2005.05.14"]
[EventType "swiss"]
[EventRounds "11"]
[EventCountry "GER"]
[SourceTitle "CBM 106 Extra"]
[Source "ChessBase"]
[SourceDate "2005.07.01"]
[SourceVersion "1"]
[SourceVersionDate "2005.07.01"]
[SourceQuality "1"]

1. e4 c5 2. Nf3 d6 3. Bc4 Nf6 4. Nc3 g6 5. d3 Nc6 6. Be3 Bg7 7. Qd2 0-0 8. Bh6 Qa5 9. 0-0-0 a6 10. Kb1 b5 11. Bb3 Re8 12. Rde1 Bh8 13. h4 Nd4 14. Nxd4 cxd4 15. Nd5 Qxd2 16. Nc7 Qxh6 17. Nxa8 Bb7 18. Nb6 Rb8 19. Nd5 Nxd5 20. exd5 Kf8 21. g4 Rc8 22. h5 Qg7 23. h6 Qf6 24. Re2 Ke8 25. Rhe1 Kd7 26. Rxe7+ Qxe7 27. Rxe7+ Kxe7 28. g5 Re8 29. c3 dxc3 30. bxc3 Bxc3 31. Kc2 Be1 32. f3 Bh4 33. f4 Bg3 34. Kc3 Bxf4 35. d4 Bxg5 36. Kd3 Bxh6 37. Bd1 Bxd5 38. a3 Kf6 39. a4 b4 40. Be2 Rxe2 41. Kxe2 g5 42. Kd2 g4+ 43. Ke2 b3 44. Kf1 b2 45. Ke2 b1Q 46. a5 Qe4+ 47. Kd1 Bb3# 0-1

[Event "GER-ch U10"]
[Site "Willingen"]
[Date "2005.05.16"]
[Round "5"]
[White "Hauffen, Franziska"]
[Black "Ruehrmund, Daniel"]
[Result "0-1"]
[WhiteElo "1014"]
[BlackElo "1201"]
[PlyCount "72"]
[EventDate "2005.05.14"]
[EventType "swiss"]
[EventRounds "11"]
[EventCountry "GER"]
[SourceTitle "CBM 106 Extra"]
[Source "ChessBase"]
[SourceDate "2005.07.01"]
[SourceVersion "1"]
[SourceVersionDate "2005.07.01"]
[SourceQuality "1"]

1. e4 c5 2. Nf3 e6 3. Nc3 Qc7 4. Bc4 a6 5. d3 b5 6. Bb3 Bb7 7. Be3 Be7 8. Qd2 Nc6 9. 0-0 Nf6 10. Bf4 Bd6 11. Bxd6 Qxd6 12. Rfe1 Ne5 13. Nxe5 Qxe5 14. Qe2 0-0 15. Qf3 Ne8 16. Qh3 Qg5 17. Re3 f5 18. Rg3 Qe7 19. Qh5 b4 20. Nd5 exd5 21. exd5 Qd6 22. Rh3 Nf6 23. Qxf5 Bxd5 24. Bxd5+ Qxd5 25. Qf4 Rae8 26. Rd1 Qe5 27. Qd2 Ng4 28. Rg3 Rxf2 29. Qc1 Rf4 30. c3 bxc3 31. bxc3 c4 32. d4 Qe4 33. Rf1 Rxf1+ 34. Kxf1 Qe2+ 35. Kg1 Qe1+ 36. Qxe1 Rxe1# 0-1

[Event "Sachsen-ch U10 Girls"]
[Site "Sebnitz"]
[Date "2005.03.31"]
[Round "4"]
[White "Hauffen, Franziska"]
[Black "Grassmann, Lisa"]
[Result "0-1"]
[WhiteElo "927"]
[BlackElo "998"]
[PlyCount "64"]
[EventDate "2005.03.29"]
[EventType "swiss"]
[EventRounds "7"]
[EventCountry "GER"]
[SourceTitle "EXT 2007"]
[Source "ChessBase"]
[SourceDate "2006.11.23"]
[SourceVersion "1"]
[SourceVersionDate "2006.11.23"]
[SourceQuality "1"]

1. e4 e5 2. Nf3 Nc6 3. Bc4 Nf6 4. Nc3 Bc5 5. 0-0 d6 6. h3 0-0 7. d3 h6 8. a3 Nd4 9. b4 Bb6 10. a4 a5 11. b5 Be6 12. Bxe6 fxe6 13. Bd2 Qe8 14. Nxd4 Bxd4 15. Ra3 Qe7 16. Qf3 d5 17. Qg3 Rf7 18. exd5 Raf8 19. b6 cxb6 20. Nb5 Nh5 21. d6 Qe8 22. Nc7 Qd7 23. Qh4 Nf4 24. Qg4 Qxd6 25. Nb5 Bxf2+ 26. Rxf2 Qc5 27. Be1 Nxh3+ 28. gxh3 Rxf2 29. Bxf2 Qxf2+ 30. Kh1 Qxc2 31. Qxe6+ Kh7 32. Qa2 Rf1# 0-1